01386nam a2200325 a 4500001000200000003000900002005001700011008003800028020001600066040002500082082002700107111010000134245013600234246005000370260007100420300002700491586006200518590002600580650003600606650003200642650003200674650003300706700004900739700003800788710004700826910003400873942001200907952012400919999001701043 DO-SdBNP20230210112944.0090917s1998 dr a r 000 0 spa d a84899953112 aDO-SdBNPbspacBPMSU aRD860bC744o, 19982222 aConcurso de Arte y Literatura Bancentraln(3. :d1997 :cSanto Domingo, República Dominicana)10aObras premiadas : bTercer Concurso de Arte y Literatura Bancentral 1998 /cedición José Alcántara Almánzar, Lourdes Lara.14aConcurso de Arte y Literatura Bancentral 1998 aSanto Domingo :bBanco Central de la República Dominicana,c1998 a92 p. :bil. ;c23 cm. aPremios del Concurso de Arte y literatura Bancentral 1997 aInventariado, 2022/VM 4aLiteratura dominicanaySiglo XX 4aArte y literaturaySiglo XX 4aArtes plásticasySiglo XX 4aPremios literariosySiglo XX1 aAlcántara Almánzar, José,d1946-,eed.1 aMella de Suuárez, Ingrid eed.2 aBanco Central de la República Dominicana a VMateo V./Control de calidad 2ddccBK 00102ddc40708CDaBPMETbBPMETd2022-02-09l0oBPMSU CD RD860 C744o, 1998pBPMSU22020042r2022-02-09w2022-02-09yBK c14028d14028